书目信息 |
| 题名: |
不失败的基础烘焙书
|
|
| 作者: | 黎国雄 主编 | |
| 分册: | ||
| 出版信息: | 哈尔滨 黑龙江科学技术出版社 2018 |
|
| 页数: | 198页 | |
| 开本: | 22cm | |
| 丛书名: | 金版健康文库 | |
| 单 册: | ||
| 中图分类: | TS213.2 | |
| 科图分类: | ||
| 主题词: | 烘焙--糕点加工 | |
| 电子资源: | ||
| ISBN: | 978-7-5388-9408-0 | |
| 000 | 00861oam2 2200253 450 | |
| 001 | 2348631721 | |
| 005 | 20231110142543.88 | |
| 010 | @a978-7-5388-9408-0@b精装@dCNY52.00 | |
| 100 | @a20181129d2018 em y0chiy50 ea | |
| 101 | 0 | @achi |
| 102 | @aCN@b230000 | |
| 105 | @aa z 000yy | |
| 200 | 1 | @a不失败的基础烘焙书@Abu shi bai de ji chu hong bei shu@f黎国雄主编 |
| 210 | @a哈尔滨@c黑龙江科学技术出版社@d2018 | |
| 215 | @a198页@c彩图@d22cm | |
| 225 | 1 | @a金版健康文库 |
| 300 | @a烘焙快乐厨房 美好生活典藏书系 | |
| 330 | @a本书精选了几十款常见的超人气烘焙点心,包括杯子蛋糕、饼干、泡芙、司康、小面包、挞、派等,并对所列点心配有制作方法、操作步骤图。 | |
| 461 | 0 | @12001 @a金版健康文库 |
| 606 | 0 | @a烘焙@x糕点加工 |
| 690 | @aTS213.2@v5 | |
| 701 | 0 | @a黎国雄@Ali guo xiong@c(烹饪)@4主编 |
| 801 | 0 | @aCN@b安徽时代@c20230923 |
| 905 | @aBZT@dTS213.2@e10 | |
| 不失败的基础烘焙书/黎国雄主编.-哈尔滨:黑龙江科学技术出版社,2018 |
| 198页:彩图;22cm.-(金版健康文库) |
| 烘焙快乐厨房 美好生活典藏书系 |
| ISBN 978-7-5388-9408-0(精装):CNY52.00 |
| 本书精选了几十款常见的超人气烘焙点心,包括杯子蛋糕、饼干、泡芙、司康、小面包、挞、派等,并对所列点心配有制作方法、操作步骤图。 |
| ● |
| 相关链接 |
|
|
|
正题名:不失败的基础烘焙书
索取号:TS213.2/10
 
预约/预借
| 序号 | 登录号 | 条形码 | 馆藏地/架位号 | 状态 | 备注 |
| 1 | 2000916853 | 2000916853 | 315书库/四28架B面5层6列/ [索取号:TS213.2/10] | 在馆 | |
| 2 | 2000916854 | 2000916854 | 315书库/四28架B面5层6列/ [索取号:TS213.2/10] | 在馆 | |
| 3 | 2000916855 | 2000916855 | 315书库/四28架B面5层6列/ [索取号:TS213.2/10] | 在馆 | |
| 4 | 2000916856 | 2000916856 | 315书库/四28架B面5层6列/ [索取号:TS213.2/10] | 在馆 | |
| 5 | 2000916857 | 2000916857 | 315书库/四28架B面5层6列/ [索取号:TS213.2/10] | 在馆 | |
| 6 | 2000916858 | 2000916858 | 315书库/四28架B面5层6列/ [索取号:TS213.2/10] | 在馆 |